Podiel pri budovaní Stretnutie so zaslúžilými odborármi

Bibliographic Details
Main Author: (neu) (Author)
Format: Article
Language:Slovak
Subjects:

MARC

LEADER 00000nab a2200000 a 4500
001 vtls000219997
003 SK-MaSNL
005 20260302213239.0
008 190109c1985 xo 0 slo
015 |a SNBRB19rr/mm-uuuuu 
035 |a CL0230111 
040 |a SNKBUCL  |b slo  |c SNKBUCL  |e AACR2 
041 0 |a slo 
044 |a xo  |c SK 
080 |a 331.88(437)  |2 1981 
100 1 |a (neu)  |4 aut  |9 921884 
245 1 0 |a Podiel pri budovaní  |b Stretnutie so zaslúžilými odborármi  |c (neu) 
610 2 7 |a Revolučné odborové hnutie.  |b Ústredná rada odborov  |2 SNKKA  |9 180099 
655 7 |a články z novín a časopisov  |2 snkbucl  |9 267496 
773 0 |t Práca  |g Roč. 40, č. 143 (20. 6. 1985), s. 1 
850 |a Slovenská národná knižnica v Martine  |a MTA001 
852 |a SNK  |b KIS3GCP 
958 |a RK 
992 |a RBX 
999 |c 1492811  |d 1494741